000 01152cad a22002655a 4500
001 L152331
008 110222s2011 xxkd f s 000 0 eng d
035 _a(Sirsi) u152331
041 0 _aeng
050 0 4 _a331.281333 $2 18
110 2 _aRoyal Institution of Chartered Surveyors
_94900
240 0 4 _aThe RICS and Macdonald and Company UK salary survey
245 0 4 _aThe RICS and Macdonald and Company rewards and attitudes survey 2011
_bexecutive summary and key findings
_h[electronic resource]
260 _aLondon
_bMacdonald and Company
_aLondon
_bRICS
_c2011
520 _aExecutive summary and key findings from the RICS and Macdonald and Company rewards and attitudes survey 2011.
520 _aA full copy of the report is not available in the Library.
521 2 _aAdvanced
590 _aKA NTK
650 2 4 _aRICS SALARY AND BENEFITS SURVEYS
651 4 _aUnited Kingdom
_y
690 _aMANAGEMENT-BUSINESS MANAGEMENT-HUMAN RESOURCE MANAGEMENT
710 2 _aMacdonald and Company
_93846
856 4 0 _uhttps://www.macdonaldandcompany.com/uk-salary-survey
_zView the item free of charge at www.macdonaldandcompany.com
942 _n0
999 _c112002
_d112002